000 00909nam a2200253Ia 4500
003 OSt
005 20221005103101.0
006 a|||||r|||| 00| 0
007 ta
008 221004b |||||||| |||| 00| 0 hin d
024 _a107456
037 _cTextual
040 _aCRL
_cCRL
_bhin
041 _2hin
_ahin
082 _aO152vN5, K2;L7
100 _aवाजपेयी, नन्ददुलारे
245 0 _aहिन्दी साहित्य
_b बीसवीं शताब्दी
246 _aHindī sāhitya: bīsavīan shatābdī
260 _aइलाहाबाद
_bलोकभारती प्रकाशन भारत
_c1977
300 _a272पृ0
_ccm.
650 _aहिन्दी साहित्य
942 _hO152vN5, K2;L7
_cTEXL
_2cc
999 _c1009393
_d1009393